000 00847nam a2200265Ia 4500
003 OSt
005 20221005073710.0
006 a|||||r|||| 00| 0
007 ta
008 221004b |||||||| |||| 00| 0 eng d
020 _a9789382169703 (pbk)
_cIndian Rupees 175
024 _a33660
037 _bGift, 22/09/2017,
_cTextual
040 _aCRL
_cCRL
_beng
041 _2eng
_aeng
082 _aV73:192, Q6
100 _aRay Ayesha Au.
_9608226
245 0 _aCulture,context and capability
_b American and Indian countrinsurgncy approaches
260 _aNew Delhi
_bInstitute for Dafence Studies Analyses India
_c2016
300 _a107p.
_ccm.
650 _a UNITED STATES - FOREIGN RELATIONS
_932973
650 _aCULTURE
942 _hV73:192, Q6
_cTEXL
_2cc
999 _c981559
_d981559